000 00513 a2200169 4500
005 20250616162032.0
020 _a0-07-231539-3
082 _a004.21 WHI
100 _aWHITTEN, J.L.
245 _aSystems Analysis and Design Methods.
250 _a5th Ed.
260 _aNew york,
_bMc Graw-Hill,
_c2000.
300 _axx, 724p.: ill.; figure, picture, table.
_bGlossary & Index.
_c28cm.
700 _aBENTLEY, L.D. & DITTMAN, K.C.
856 _yAccess online book
_fComputer
_dwww.mhhe.com/whitten
942 _2ddc
_cBKS
999 _c126
_d126